The successful marketing plan : a disciplines and comprehensive approach /
This book provides with a practical and proven, step-by-step guide for preparing your own marketing plan.
Salvato in:
| Autore principale: | |
|---|---|
| Altri autori: | |
| Natura: | Libro |
| Lingua: | English |
| Pubblicazione: |
Lincolnwood, Ill :
NTC Business Books,
1997.
|
| Soggetti: | |
| Tags: |
Aggiungi Tag
Nessun Tag, puoi essere il primo ad aggiungerne! !
|
| Thư viện lưu trữ: | Mạng thư viện Đại học Đà Nẵng |
|---|
| LEADER | 01048cam a2200349 i 4500 | ||
|---|---|---|---|
| 001 | 000048947 | ||
| 003 | 8674 | ||
| 005 | 20051111142030.0 | ||
| 008 | 010322b1997 vm 000 eng | ||
| 020 | |a 0844232033 | ||
| 040 | |a IRC |c IRC |d IRC | ||
| 041 | 0 | |a eng | |
| 082 | 1 | 4 | |a 658.802 |b HI-R |
| 100 | 1 | |a Hiebing, Roman G. | |
| 245 | 1 | 4 | |a The successful marketing plan : |b a disciplines and comprehensive approach / |c Roman G. Hiebing, Jr., Scott W. Cooper. |
| 260 | |a Lincolnwood, Ill : |b NTC Business Books, |c 1997. | ||
| 300 | |a xxxiv, 510 p. : |b ill. ; |c 28 cm. | ||
| 520 | 3 | |a This book provides with a practical and proven, step-by-step guide for preparing your own marketing plan. | |
| 630 | 0 | 4 | |a Marketing. |
| 630 | 0 | 4 | |a Management. |
| 650 | 0 | 4 | |a Marketing |z Planning. |
| 700 | 1 | |a Cooper, Scott W. | |
| OWN | |a DUT | ||
| 999 | |a From the UDN01 | ||
| TYP | |a Monograph | ||
| TYP | |a Printed language | ||
| 980 | |a Mạng thư viện Đại học Đà Nẵng | ||


